Statistiche per Geografia per immagini - D

Clicka qui per fare il quiz!

Statistiche generali

  • Questo quiz è stato fatto 1.967 volte
  • Il punteggio medio è 9 su 18

Statistiche sulle risposte

Risposta% Corretto
Dubai
92%
Danimarca
83%
Danubio
76%
{Delta} fluviale
68%
Dominica
66%
{Dora} Baltea
63%
Dalmazia
62%
Dublino
60%
Delaware
57%
Dardanelli
48%
Dover
48%
Dolmen
44%
Detroit
42%
Doha
31%
Delhi
27%
Dubrovnik
23%
Düsseldorf
19%
Dakar
17%

Distribuzione punteggi

Percentile per numero di risposta

Percentuale di utenti per punteggio

I tuoi punteggi nel tempo

Non hai fatto questo quiz